Chiamata in correità e psicologia del pentitismo nel nuovo processo penale
| Contributors: | |
|---|---|
| Format: | Print Book |
| Language: | Italian |
| Published: |
Padova
CEDAM
1992
|
| In: |
Atti e documenti (7)
Year: 1992 |
| Online Access: |
Table of Contents |
| Availability in Tübingen: | Present in Tübingen. UB: KB 19 A 583 |
| Check availability: | HBZ Gateway |
| Subito Delivery Service: | Order now. |
| Keywords: |
MARC
| LEADER | 00000cam a2200000 c 4500 | ||
|---|---|---|---|
| 001 | 274840855 | ||
| 003 | DE-627 | ||
| 005 | 20251222212717.0 | ||
| 007 | tu | ||
| 008 | 930708s1992 xx ||||| 00| ||ita c | ||
| 020 | |a 8813174675 |9 88-13-17467-5 | ||
| 035 | |a (DE-627)274840855 | ||
| 035 | |a (DE-576)034128476 | ||
| 035 | |a (DE-599)GBV274840855 | ||
| 035 | |a (OCoLC)246892441 | ||
| 035 | |a (OCoLC)32983729 | ||
| 040 | |a DE-627 |b ger |c DE-627 |e rakwb | ||
| 041 | |a ita | ||
| 082 | 0 | |a 345.45066 | |
| 245 | 0 | 0 | |a Chiamata in correità e psicologia del pentitismo nel nuovo processo penale |c [a cura di L. de Cataldo Neuburger] |
| 264 | 1 | |a Padova |b CEDAM |c 1992 | |
| 300 | |a VI, 410 S. | ||
| 336 | |a Text |b txt |2 rdacontent | ||
| 337 | |a ohne Hilfsmittel zu benutzen |b n |2 rdamedia | ||
| 338 | |a Band |b nc |2 rdacarrier | ||
| 490 | 1 | |a Atti e documenti / Istituto Superiore Internazionale di Scienze Criminali |v 7 | |
| 583 | 1 | |a Archivierung prüfen |c 20200919 |f DE-640 |z 1 |2 pdager | |
| 655 | 7 | |a Konferenzschrift |0 (DE-588)1071861417 |0 (DE-627)826484824 |0 (DE-576)433375485 |2 gnd-content | |
| 700 | 1 | |a De Cataldo Neuburger, Luisella |e Hrsg. |0 (DE-627)1234464241 |0 (DE-576)164464247 |4 edt | |
| 810 | 2 | |a Istituto Superiore Internazionale di Scienze Criminali |g Syrakus |t Atti e documenti |v 7 |9 7 |w (DE-627)396585264 |w (DE-576)013180002 |w (DE-600)2163839-1 |7 am | |
| 856 | 4 | 2 | |u http://www.gbv.de/dms/spk/sbb/toc/274840855.pdf |m V:DE-601 |m B:DE-1 |q pdf/application |x Verlag |y Inhaltsverzeichnis |3 Inhaltsverzeichnis |7 1 |
| 951 | |a BO | ||
| ELC | |b 1 | ||
| LOK | |0 000 xxxxxcx a22 zn 4500 | ||
| LOK | |0 001 3187864910 | ||
| LOK | |0 003 DE-627 | ||
| LOK | |0 004 274840855 | ||
| LOK | |0 005 20151007123342 | ||
| LOK | |0 008 930708||||||||||||||||ger||||||| | ||
| LOK | |0 040 |a DE-21 |c DE-627 |d DE-21 | ||
| LOK | |0 852 |a DE-21 | ||
| LOK | |0 852 1 |c KB 19 A 583 |9 00 | ||
| LOK | |0 935 |a krim | ||
| LOK | |0 939 |a 08-07-93 |b l01 | ||
| ORI | |a SA-MARC-krimdoka001.raw | ||
| SIG | |a UB: KB 19 A 583 | ||
